LEADER 03608nam 2200685 a 450 001 9910452682503321 005 20200520144314.0 010 $a90-04-25614-8 024 7 $a10.1163/9789004256149 035 $a(CKB)2550000001103111 035 $a(EBL)1319106 035 $a(OCoLC)854521073 035 $a(SSID)ssj0000954889 035 $a(PQKBManifestationID)11599378 035 $a(PQKBTitleCode)TC0000954889 035 $a(PQKBWorkID)10942473 035 $a(PQKB)11584459 035 $a(MiAaPQ)EBC1319106 035 $a(OCoLC)857081332 035 $a(nllekb)BRILL9789004256149 035 $a(PPN)178890359 035 $a(Au-PeEL)EBL1319106 035 $a(CaPaEBR)ebr10735393 035 $a(CaONFJC)MIL505617 035 $a(EXLCZ)992550000001103111 100 $a20130520d2013 uy 0 101 0 $aeng 135 $aur|n|---||||| 181 $ctxt 182 $cc 183 $acr 200 14$aThe reign of Adad-ni?ra?ri? III$b[electronic resource] $ean historical and ideological analysis of an Assyrian king and his times /$fby Luis Robert Siddall 210 $aLeiden ;$aBoston $cBrill$d2013 215 $a1 online resource (260 p.) 225 1 $aCuneiform monographs,$x0929-0052 ;$vv. 45 300 $aDescription based upon print version of record. 311 $a90-04-25613-X 311 $a1-299-74366-8 320 $aIncludes bibliographical references and indexes. 327 $aPreliminary Material -- Introduction -- Chapter One Chronological Issues -- Chapter Two The Extent of the Empire -- Chapter Three Royal Authority and the Dynamics of Power -- Chapter Four Early Neo-Assyrian Royal Ideology (934?810) -- Chapter Five The Royal Ideology of Adad-n?r?r? III -- Conclusion -- Appendix A Edition of the Tell Sheikh Hamad Stele -- Appendix B Score of the Calah Slabs -- Bibliography -- Index. 330 $aIn The Reign of Adad-n?r?r? III , Luis Siddall examines the evidence and edits new inscriptions from the king?s reign to investigate the chronology, campaigns, imperial administration and royal ideology of the period. While historians have typically viewed this period as one of turmoil, imperial recession, political weakness and decentralisation, Siddall shows that Adad-n?r?r??s reign marked a period of imperial stability, chiefly through changes to the administration. However, while politically successful, the imperial policy affected the king?s ideological expression, particularly in terms of the description of the campaigns in Adad-n?r?r?'s inscriptions and his limited use of royal titles. \'Scholars working on the Neo-Assyrian period cannot afford to miss Siddall's fresh assessment of the evidence for Adad-nirari's reign. He offers a re-evaluation of several texts but perhaps more importantly, he proposes a few methodological innovations that shed new light on the history of Assyria in the 9th century.\' Bill T. Arnold (Asbury Theological Seminary) 410 0$aCuneiform monographs ;$v45. 606 $aCuneiform inscriptions, Akkadian 606 $aAkkadian language$vTexts 607 $aAssyria$xKings and rulers 607 $aAssyria$xHistory 607 $aAssyria$xHistory$vSources 608 $aElectronic books. 615 0$aCuneiform inscriptions, Akkadian. 615 0$aAkkadian language 676 $a935/.03092 676 $aB 700 $aSiddall$b Luis$0968654 801 0$bMiAaPQ 801 1$bMiAaPQ 801 2$bMiAaPQ 906 $aBOOK 912 $a9910452682503321 996 $aThe reign of Adad-ni?ra?ri? III$92200198 997 $aUNINA LEADER 01696nam 2200361 450 001 9910688477703321 005 20230629233013.0 035 $a(CKB)5400000000044671 035 $a(NjHacI)995400000000044671 035 $a(EXLCZ)995400000000044671 100 $a20230629d2005 uy 0 101 0 $ager 135 $aur||||||||||| 181 $ctxt$2rdacontent 182 $cc$2rdamedia 183 $acr$2rdacarrier 200 10$aProzessversta?ndnis einer Naturkatastrophe $eeine geo- und hydrochemische Untersuchung der regionalen Arsen-Anreicherung im Grundwasser West-Bengalens (Indien) /$fFrank Wagner 210 1$a[Place of publication not identified] :$cKIT Scientific Publishing,$d2005. 215 $a1 online resource (viii, 165 pages) 311 $a1000003650 330 $aDie vorliegende Arbeit untersucht die regionale As-Grundwasseranreicherung in einem 35 km2 Gebiet in Kaliachak I (West-Bengalen, Indien), in dem Anomalien mit As-angereichertem Grundwasser in unmittelbarer Na?he zu unbelasteten Gebieten auftreten. Ziel der Arbeit ist die Charakterisierung des hydrogeochemischen Umfeldes der hohen As-Konzentrationen im Grundwasser und die Bestimmung der mineralogischen Speziation und Verfu?gbarkeit von Arsen in den Sedimenten des Aquifers. 517 $aProzessverständnis einer Naturkatastrophe 517 $aProzessverständnis einer Naturkatastrophe 606 $aWater chemistry 615 0$aWater chemistry. 676 $a551.48 700 $aWagner$b Frank$061704 801 0$bNjHacI 801 1$bNjHacl 906 $aBOOK 912 $a9910688477703321 996 $aProzessversta?ndnis einer Naturkatastrophe$93394348 997 $aUNINA LEADER 01888nas 2200433 n 450 001 990008892040403321 005 20240229084547.0 011 $a1049-7544 035 $a000889204 035 $aFED01000889204 035 $a(Aleph)000889204FED01 035 $a000889204 091 $2CNR$aP 00058617 100 $a20161109b19451961km-y0itaa50------ba 101 0 $aeng 102 $aUS 110 $aauu-------- 200 1 $a<>American Slavic and East European review 207 1$a1945-1961 210 $aNew York$cColumbia University Press 326 $aTrimestrale 430 0$12001$aThe Slavonic and East European review 440 0$1001000905795$12001$aSlavic review : American quarterly of Soviet and East European studies 452 0$12001$aThe American Slavic and East European review 530 0 $a<>American Slavic and East European review 675 $a880 675 $a947 676 $a940/.05 712 02$aAmerican Association for the Advancement of Slavic Studies 801 0$aIT$bACNP$c20090723 859 4 $uhttp://acnp.cib.unibo.it/cgi-ser/start/it/cnr/dc-p1.tcl?catno=40019&person=false&language=ITALIANO&libr=&libr_th=unina1$zBiblioteche che possiedono il periodico 901 $aSE 912 $a990008892040403321 958 $aBiblioteca Centrale della Facoltà di Giurisprudenza dell'Università di Napoli Federico II$b1956-1961.$fFGBC 959 $aFGBC 996 $aAmerican Slavic and East European review$9801979 997 $aUNINA AP1 8 $6866-01$aNA073 Biblioteca Centrale della Facoltà di Giurisprudenza dell'Università di Napoli Federico II$eCorso Umberto I, 80138 Napoli (NA)$m0812537531/33$m0812537532$nit AP2 40$aacnp.cib.unibo.it$nACNP Italian Union Catalogue of Serials$uhttp://acnp.cib.unibo.it/cgi-ser/start/it/cnr/df-p.tcl?catno=40019&language=ITALIANO&libr=&person=&B=1&libr_th=unina&proposto=NO